000 00797cab a22002175a 4500
001 L158775
008 150717e20150704xxk 000 0 eng d
035 _a(Sirsi) u158775
041 0 _aeng
100 1 _aHudson, Jeremy
245 0 4 _aThe theory behind relativity
260 _c2015
490 _aEstates Gazette
_v(1526) 4 July 2015, 87(1)
520 _aExplains current issues around leasehold relativity. Notes that the long-settled conventional approach to relativity has come under challenge; it remains to be seen if this will prove successful with three test cases being heard in the Upper Tribunal in January 2016.
590 _aKA
651 4 _aUnited Kingdom
690 _aLandlord and tenant
_96252
690 _aLeasing/Letting
_96253
700 1 _aCalland, Tim
942 _n0
999 _c84693
_d84693